[Event "SVK-ch U08 Girls"]
[Site "Stara Lubovna"]
[Date "2021.06.30"]
[Round "6"]
[White "Stricova, Viktoria Lea"]
[Black "Bulvasova, Natalia"]
[Result "0-1"]
[WhiteElo "1000"]
[BlackElo "1000"]
[PlyCount "72"]
[EventDate "2021.06.26"]
[EventType "swiss"]
[EventRounds "9"]
[EventCountry "SVK"]
[SourceTitle "CBM 203 Extra"]
[Source "ChessBase"]
[SourceDate "2021.09.30"]
[SourceVersion "1"]
[SourceVersionDate "2021.09.30"]
[SourceQuality "1"]

1. e4 e5 2. Nf3 Nc6 3. Nc3 Nf6 4. Bb5 Nb8 5. 0-0 Bd6 6. d3 0-0 7. Bg5 Qe8 8. Be3 Be7 9. Nd5 Nxd5 10. exd5 Bf6 11. Bg5 Be7 12. Bxe7 Qxe7 13. b3 c6 14. c4 cxb5 15. cxb5 d6 16. Qe2 Bf5 17. Qe3 Rc8 18. Qg5 Re8 19. Qxe7 Rxe7 20. Rac1 Nd7 21. Rc2 Nf6 22. Rfc1 Ree8 23. Rc8 Bxc8 24. Nxe5 dxe5 25. Rc5 Nd7 26. h3 b6 27. Rc4 Bb7 28. Re4 Bxd5 29. Rg4 Nf6 30. Rf4 exf4 31. d4 a6 32. b4 axb5 33. f3 Re1+ 34. Kh2 Rxa2 35. h4 Raa1 36. Kh3 Rh1# 0-1

[Event "SVK-ch U08 Girls"]
[Site "Stara Lubovna"]
[Date "2021.06.28"]
[Round "3"]
[White "Bulvasova, Natalia"]
[Black "Stricova, Viktoria Lea"]
[Result "0-1"]
[WhiteElo "1000"]
[BlackElo "1000"]
[PlyCount "38"]
[EventDate "2021.06.26"]
[EventType "swiss"]
[EventRounds "9"]
[EventCountry "SVK"]
[SourceTitle "CBM 203 Extra"]
[Source "ChessBase"]
[SourceDate "2021.09.30"]
[SourceVersion "1"]
[SourceVersionDate "2021.09.30"]
[SourceQuality "1"]

1. e4 e5 2. Nf3 Nf6 3. Nxe5 Nxe4 4. Bd3 Bd6 5. Nf3 Nf6 6. Nc3 0-0 7. 0-0 Nc6 8. b3 b6 9. Bb2 h6 10. Ne2 Bb7 11. Bc3 Ne5 12. Be4 Bxe4 13. Nh4 Bc5 14. Bxe5 Qe8 15. Bg3 Nh5 16. Bxc7 Rc8 17. Bg3 Nxg3 18. Re1 Qe7 19. Nxg3 Qxh4 0-1